Mammal Orders Found in South Africa - Statistics

General Stats
  • This quiz has been taken 2 times
  • The average score is 7 of 14
Answer Stats
Order % Correct
Primates
100%
Rodentia
100%
Afrosoricida
50%
Artiodactyla (Even-toed ungulate)
50%
Carnivora
50%
Chiroptera (Bat)
50%
Hyracoidea (Hyrax)
50%
Lagomorpha
50%
Macroscelidea (Elephant shrew)
50%
Perissodactyla (Odd-toed ungulate)
50%
Proboscidea (Elephant)
50%
Eulipotyphla
0%
Pholidota (Pangolin)
0%
Tubulidentata (Aardvark)
0%
No matching quizzes found
Score Distribution
Percent of People with Each Score
Percentile by Number Answered
Your Score History
You have not taken this quiz